Online
Catalog

An examination of the place of reason in ethics, / (Record no. 1382)

MARC details
000 -CABECERA
campo de control de longitud fija 00576cam a22001811 4500
001 - NÚMERO DE CONTROL
campo de control 000001474
005 - FECHA Y HORA DE LA ÚLTIMA TRANSACCIÓN
campo de control 20200929145605.0
008 - DATOS DE LONGITUD FIJA--INFORMACIÓN GENERAL
campo de control de longitud fija 750714s1950 xx 000 0 eng
040 ## - FUENTE DE LA CATALOGACIÓN
Centro catalogador/agencia de origen DO-SdBNP
Lengua de catalogación spa
Centro/agencia transcriptor BNPHU
100 1# - ENTRADA PRINCIPAL--NOMBRE DE PERSONA
Nombre de persona Toulmin, Stephen Edelston
9 (RLIN) 4872
245 13 - MENCIÓN DE TÍTULO
Título An examination of the place of reason in ethics, /
Mención de responsabilidad, etc. by Stephen Edelston Toulmin.
260 ## - PUBLICACIÓN, DISTRIBUCIÓN, ETC.
Lugar de publicación, distribución, etc. Cambridge [Eng.] :
Nombre del editor, distribuidor, etc. University Press,
Fecha de publicación, distribución, etc. [1950].
300 ## - DESCRIPCIÓN FÍSICA
Extensión xiv, 228 p. ;
Dimensiones 22 cm.
500 ## - NOTA GENERAL
Nota general On spine: Reason in ethics.
650 #0 - PUNTO DE ACCESO ADICIONAL DE MATERIA--TÉRMINO DE MATERIA
Término de materia o nombre geográfico como elemento de entrada Ethics
9 (RLIN) 4873
650 #0 - PUNTO DE ACCESO ADICIONAL DE MATERIA--TÉRMINO DE MATERIA
Término de materia o nombre geográfico como elemento de entrada Reason
9 (RLIN) 4874
740 0# - PUNTO DE ACCESO ADICIONAL--TÍTULO RELACIONADO O ANALÍTICO NO CONTROLADO
Título relacionado o analítico no controlado Reason in ethics.
Holdings
Estado de retiro Estado de pérdida Restricciones de uso No para préstamo Código de colección Localización permanente Ubicación/localización actual Ubicación en estantería Fecha de adquisición Número de inventario Total de préstamos Signatura topográfica completa Código de barras Fecha visto por última vez Precio válido a partir de Tipo de ítem Koha
    Préstamo interno   Monografías: Libros y Folletos General General Depósito 22.09.2009 LF1   1474-10 25.06.2020 25.06.2020 Préstamo interno

Powered by Koha